G76-厦蓉高速公路途径行政区 - Statistics

General Stats
  • This quiz has been taken 14 times
  • The average score is 15 of 18
Answer Stats
行政区 备注 % Correct
厦门
100%
漳州
100%
龙岩
100%
赣州
100%
郴州
100%
永州
92%
桂林
92%
柳州
85%
黔东南州 主段
85%
黔南州 三都县段
85%
贵阳
77%
毕节
77%
泸州
77%
资阳
77%
成都
77%
黔东南州 丹寨枢纽
69%
黔南州 主段
69%
内江
69%
No matching quizzes found
Score Distribution
Percent of People with Each Score
Percentile by Number Answered
Your Score History
You have not taken this quiz